1071 1751 1852 1603 1083 1413 1882 1465 1931 1316 1767 1328 1507 1992 1028 1711 1694 1689 1724 1014 1622 1956 1560 1802 1198 1558 1161 1636 1037 1232 1395 1165 1406 1634 1145 1937 1076 1270 1312 1128 1189 1475 1571 1019 1739 1674 1195 1223 1693 1731 1506 1605 1560 1219 1947 1382 1032 1486 1968 1212 1758 1841 1725 1554 1921 1255 1952 1009 1735 1383 1576 1818 1621 1212 1810 1296 1311 1519 1201 1452 1357 1549 1567 1820 1787 1985 1968 1971 1105 1178 1608 1481 1612 1955 1073 1935 1113 1739 1040 BCNSPRNW ULIB Ver.6.0+V

เปลี่ยนเป็นภาษาไทย

Change to English
 แสดงรายละเอียดบรรณานุกรม
  กลับหน้าหลัก

Brief Record : Get Marc (ISO 2709) : E-mail record : QR code < ปิดหน้าต่าง
LEADER : 00000nam 2200000uu 4500
001    13399114839
003     ULIB
008    110627s2555||||th 000 0 tha d
090    นว.^b
100 0  คณิตยา
245 00 คนบ้ารัก/^c
250    พิมพ์ครั้งที่ 1
260    กรุงเทพฯ :^b,^c2555-
300    269 หน้า
945    ^p0^l0^i021031
945    ^p350^l0^i021030
995    ทศพร
999 ^a ใช้งานได้ทุกระบบ
รายการนี้ยังไม่มีแท็ก
คุณยังไม่ได้ล็อกอิน คุณสามารถมีกิจกรรมร่วมกับเว็บไซต์ได้ แต่ต้องล็อกอินก่อน ::
  ล็อกอิน

รายการสื่อสารสนเทศ

ลำดับที่ ประเภท เลขเรียก/บาร์โค้ด สถานที่ สถานะ
1. นวนิยาย
นวนิยาย
นว. ฉ.1 
  Barcode: 021031
ห้องสมุดวิทยาเขตสวรรค์ประชารักษ์
►นวนิยาย
บนชั้น
  ขอยืม

รายการใกล้เคียง
    ผู้แต่ง [คณิตยา]

BibComment


ยังไม่เคยถูกคอมเมนท์

คอมเมนท์ทรัพยากรรายการนี้
  คอมเมนท์: คนบ้ารัก


 Copyright 2026. Bcnsprnw @Library